00710nam a2200169 a 450000100100000000500170001000800410002704000250006824500510009324600500014426000420019430000200023650400730025671000250032995201690035499900170052300004218520220425123923.0131119s1975 xxu 000 0 spa d aDO-SdBNPbspacBNPHU00aVivienda :bdocumento de política sectorial.14aVivienda :bdocumento de política sectorial aWashington :bBanco Mundial :,c1975. a95 p. ;c22 cm. aIncluye referencias bibliográficas y notas al pie de las páginas2 aBanco Mundial932071 001050718MOaGRbGRcCTd2013-11-19iLF1l0o p42185-10r2020-06-25w2020-06-25y1zPeterneció a la biblioteca personal de Germán Emilio OrnesZNo se presta c41674d41674